[Event "Mistrzostwa Malopolski A"]
[Site "Krakow, Hotel Europejski"]
[Date "2013.??.??"]
[Round "4.10"]
[White "Ociepka, Tomasz"]
[Black "Gora, Jan"]
[Result "0-1"]
[WhiteElo "1812"]
[BlackElo "1958"]
[PlyCount "116"]
[EventDate "2013.??.??"]

1. e4 c5 2. Nf3 Nc6 3. d4 cxd4 4. Nxd4 e6 5. Nb5 d6 6. Bf4 e5 7. Be3 Nf6 8. Bg5
a6 9. N5c3 Be7 10. Nd2 Be6 11. Bxf6 gxf6 12. Nc4 f5 13. exf5 Bxf5 14. Ne3 Be6
15. Bc4 Qa5 16. Bxe6 fxe6 17. Qh5+ Kd7 18. O-O-O Raf8 19. Rd2 Kc7 20. Rhd1 d5
21. Nexd5+ exd5 22. Rxd5 Qb4 23. Rd7+ Kb8 24. Nd5 Qh4 25. Qe2 Bc5 26. g3 Qa4
27. Nc3 Qa5 28. Qc4 Bd4 29. Ne4 Rd8 30. Rxd8+ Rxd8 31. c3 Bb6 32. Rxd8+ Bxd8
33. h4 Qc7 34. Kb1 Qd7 35. Kc2 Qf5 36. Qd5 Bb6 37. f4 Bc7 38. fxe5 Nxe5 39. a3
Ng4 40. Qxf5 Ne3+ 41. Kd3 Nxf5 42. g4 Nxh4 43. Nf6 h6 44. Ke4 Bd8 45. Ne8 Bg5
46. a4 Ng2 47. Nd6 Ne3 48. Kf3 Nd1 49. Nc4 Bc1 50. b4 Nxc3 51. b5 axb5 52. axb5
Nxb5 53. Ke4 Kc7 54. Kd5 Nc3+ 55. Kc5 Ne4+ 56. Kd4 Nf6 57. Ne5 Bb2+ 58. Ke3
Bxe5 0-1

[Event "Mistrzostwa Malopolski A"]
[Site "Krakow, Hotel Europejski"]
[Date "2013.??.??"]
[Round "4.11"]
[White "Zadlo, Maciej"]
[Black "Gbyl, Andrzej"]
[Result "1/2-1/2"]
[WhiteElo "1814"]
[BlackElo "2225"]
[PlyCount "92"]
[EventDate "2013.??.??"]

1. e4 c6 2. c4 d5 3. exd5 cxd5 4. cxd5 Nf6 5. Qa4+ Nbd7 6. Nc3 g6 7. Bc4 Bg7 8.
Nf3 O-O 9. d3 a6 10. Qa3 b6 11. O-O Bb7 12. Be3 Re8 13. Qb4 b5 14. Bb3 Nb6 15.
Bxb6 Qxb6 16. a4 Red8 17. axb5 Nxd5 18. Nxd5 Bxd5 19. Bc4 Bxf3 20. gxf3 axb5
21. Qxb5 Qxb5 22. Bxb5 Bxb2 23. Rxa8 Rxa8 24. Re1 e6 25. Re2 Bf6 26. Bc4 Kg7
27. Kg2 Ra5 28. Re4 Be5 29. h3 Kf6 30. Re2 Kf5 31. Re4 Bc3 32. Re2 Ra1 33. Rc2
Bd4 34. Re2 Rc1 35. Kh2 Ra1 36. Kg2 Ra5 37. Re4 Bb6 38. Rh4 h5 39. Re4 Kf6 40.
Kg1 Kg5 41. Kg2 Bc7 42. Kg1 Bf4 43. Kg2 Rf5 44. Re2 Kh4 45. Re4 e5 46. d4 exd4
1/2-1/2

[Event "Mistrzostwa Malopolski A"]
[Site "Krakow, Hotel Europejski"]
[Date "2013.??.??"]
[Round "4.12"]
[White "Foglia, Maurizio"]
[Black "Chmiel, Marcin"]
[Result "0-1"]
[WhiteElo "2144"]
[BlackElo "1956"]
[PlyCount "76"]
[EventDate "2013.??.??"]

1. c4 c5 2. g3 Nc6 3. Bg2 g6 4. Nc3 Bg7 5. Nf3 e5 6. O-O Nge7 7. a3 O-O 8. Rb1
a5 9. Ne1 d6 10. Nc2 Be6 11. d3 d5 12. cxd5 Nxd5 13. Ne3 Nce7 14. Nexd5 Nxd5
15. Ne4 b6 16. Ng5 Bc8 17. Qb3 Bb7 18. Ne4 Qd7 19. Nc3 Rfd8 20. Bg5 f6 21. Bxf6
Bxf6 22. e4 a4 23. Nxd5 axb3 24. Nxf6+ Kg7 25. Nxd7 Rxd7 26. Rfd1 Rad8 27. Kf1
Ba6 28. Ke1 Bxd3 29. Rbc1 Bc2 30. Rd5 Rxd5 31. exd5 e4 32. Kd2 Rxd5+ 33. Kc3
Rd3+ 34. Kc4 Rd2 35. Kb5 Rxf2 36. Bh1 e3 37. Re1 Bd3+ 38. Kxb6 e2 0-1

[Event "Mistrzostwa Malopolski A"]
[Site "Krakow, Hotel Europejski"]
[Date "2013.??.??"]
[Round "4.13"]
[White "Knapik, Lucjan"]
[Black "Zajac, Mateusz"]
[Result "1/2-1/2"]
[WhiteElo "1889"]
[BlackElo "2060"]
[PlyCount "98"]
[EventDate "2013.??.??"]

1. e4 c5 2. Nc3 Nc6 3. g3 g6 4. Bg2 Bg7 5. f4 d6 6. d3 Nf6 7. Nd5 O-O 8. Nxf6+
Bxf6 9. c3 Bg7 10. Nf3 d5 11. e5 f6 12. exf6 Bxf6 13. O-O Bf5 14. Re1 c4 15. d4
Qd7 16. Ne5 Bxe5 17. dxe5 Bd3 18. Qf3 e6 19. Bh3 Kh8 20. Bf1 Be4 21. Rxe4 dxe4
22. Qxe4 b5 23. Be3 Ne7 24. Bd4 Rfd8 25. a4 Rac8 26. Qe3 Nf5 27. Qf2 bxa4 28.
Bxa7 Qb5 29. Qe2 Rd3 30. Qc2 Ne3 31. Bxe3 Rxe3 32. Rxa4 Re1 33. Rb4 Qd5 34. Qg2
Qd1 35. Rb6 g5 36. Qf2 Rf8 37. Rd6 Qc1 38. Rd4 gxf4 39. Rxf4 Rxf4 40. Qxf4 Qxf4
41. gxf4 Re4 42. Bh3 Rxf4 43. Bxe6 Kg7 44. Kg2 Kg6 45. Kg3 Kg5 46. Bd5 h5 47.
e6 h4+ 48. Kh3 Kf6 49. b3 cxb3 1/2-1/2

[Event "Mistrzostwa Malopolski A"]
[Site "Krakow, Hotel Europejski"]
[Date "2013.??.??"]
[Round "4.14"]
[White "Lis, Mateusz"]
[Black "Zaboklicki, Zbigniew"]
[Result "1-0"]
[WhiteElo "1687"]
[BlackElo "1835"]
[PlyCount "85"]
[EventDate "2013.??.??"]

1. e4 c5 2. Nf3 Nc6 3. d4 cxd4 4. Nxd4 Nf6 5. Nc3 e5 6. Ndb5 d6 7. Nd5 Nxd5 8.
exd5 Nb8 9. c4 Nd7 10. Be3 b6 11. Qd2 a6 12. Nc3 Be7 13. Be2 O-O 14. b4 f5 15.
f3 a5 16. bxa5 Rxa5 17. O-O f4 18. Bf2 Nc5 19. Bxc5 bxc5 20. Bd3 Bf5 21. Bxf5
Rxf5 22. a4 Ra8 23. Rfd1 Qc8 24. Nb5 g5 25. Qc2 Rf7 26. a5 g4 27. Kh1 Rg7 28.
Rg1 Rg6 29. fxg4 Rxg4 30. Qe2 Rg6 31. Qd1 Bd8 32. Qd2 Qf5 33. a6 e4 34. a7 e3
35. Qe2 Bf6 36. Ra2 Bd4 37. Nc7 f3 38. Nxa8 fxe2 39. Nc7 Qf7 40. a8=Q+ Kg7 41.
Raa1 Bc3 42. Ne6+ Rxe6 43. dxe6 1-0

[Event "Mistrzostwa Malopolski A"]
[Site "Krakow, Hotel Europejski"]
[Date "2013.??.??"]
[Round "4.15"]
[White "Knapik, Andrzej"]
[Black "Kasperek, Krzysztof"]
[Result "1/2-1/2"]
[WhiteElo "1930"]
[BlackElo "1810"]
[PlyCount "67"]
[EventDate "2013.??.??"]

1. e4 c5 2. Nf3 Nc6 3. d4 cxd4 4. Nxd4 g6 5. c4 Bg7 6. Nc2 Nf6 7. Nc3 O-O 8.
Be2 b6 9. O-O Bb7 10. Bd2 d6 11. Rc1 Nd7 12. Be3 Rc8 13. Qd2 Nce5 14. b3 Nc5
15. f3 f5 16. exf5 Rxf5 17. Nd4 Rf7 18. f4 Ned7 19. Bg4 e5 20. Ne6 Qe7 21. Nxg7
Kxg7 22. Rcd1 Rcf8 23. Qxd6 Qxd6 24. Rxd6 Nf6 25. Bh3 Nfe4 26. Nxe4 Nxe4 27.
Re6 exf4 28. Bd4+ Kh6 29. Re5 Rd8 30. Bb2 Ng5 31. Bc1 Nxh3+ 32. gxh3 g5 33. h4
Rg8 34. hxg5+ 1/2-1/2

[Event "Mistrzostwa Malopolski A"]
[Site "Krakow, Hotel Europejski"]
[Date "2013.??.??"]
[Round "5.1"]
[White "Szuper, Paul"]
[Black "Tyukhanov, Alexey"]
[Result "0-1"]
[WhiteElo "2188"]
[BlackElo "2237"]
[PlyCount "40"]
[EventDate "2013.??.??"]

1. d4 g6 2. e4 c6 3. Ne2 Bg7 4. h3 d5 5. e5 c5 6. c3 Nc6 7. Qb3 f6 8. exf6 Nxf6
9. dxc5 O-O 10. Na3 e5 11. Be3 Qe7 12. Nb5 Na5 13. Qb4 Nc4 14. Nd6 a5 15. Qb5
Nxe3 16. fxe3 Bh6 17. O-O-O Bxe3+ 18. Kb1 Bd7 19. Qb6 Ra6 20. Qxb7 Rxd6 0-1

[Event "Mistrzostwa Malopolski A"]
[Site "Krakow, Hotel Europejski"]
[Date "2013.??.??"]
[Round "5.3"]
[White "Jakubiec, Artur"]
[Black "Kondopoulos, Dimitrios"]
[Result "1-0"]
[WhiteElo "2531"]
[BlackElo "2031"]
[PlyCount "51"]
[EventDate "2013.??.??"]

1. f4 f5 2. e4 fxe4 3. d3 e3 4. Bxe3 Nf6 5. Nf3 g6 6. Nc3 Bg7 7. d4 b6 8. Bd3
e6 9. h4 Nc6 10. h5 gxh5 11. Ne5 Nxe5 12. dxe5 Ng4 13. Bg1 O-O 14. Rxh5 Nh6 15.
Qf3 Rb8 16. Qh3 Rxf4 17. Be3 Qf8 18. Bxf4 Qxf4 19. Ne2 Qf8 20. O-O-O d6 21. Rh1
Nf5 22. g4 dxe5 23. gxf5 e4 24. Bxe4 h6 25. Rg1 Kh8 26. Rxg7 1-0

[Event "Mistrzostwa Malopolski A"]
[Site "Krakow, Hotel Europejski"]
[Date "2013.??.??"]
[Round "5.4"]
[White "Watorek, Marcin"]
[Black "Mikrut, Dariusz"]
[Result "1/2-1/2"]
[WhiteElo "2109"]
[BlackElo "2361"]
[PlyCount "80"]
[EventDate "2013.??.??"]

1. d4 Nf6 2. Nf3 g6 3. c4 Bg7 4. Nc3 O-O 5. g3 d5 6. Bg2 Nc6 7. cxd5 Nxd5 8.
O-O Nb6 9. d5 Na5 10. e4 c6 11. Bg5 h6 12. Bf4 cxd5 13. exd5 Nac4 14. Qe2 g5
15. Bc1 Bg4 16. h3 Bh5 17. g4 Bg6 18. h4 Qd7 19. hxg5 Qxg4 20. gxh6 Bf6 21. Ng5
Qxe2 22. Nxe2 Nxb2 23. Ne4 Bxe4 24. Bxe4 Rfe8 25. Rb1 N2c4 26. Kh1 Nd6 27. Bf3
Nbc4 28. Bf4 Kh8 29. Ng3 Be5 30. Bc1 Rg8 31. Nh5 Bc3 32. Rd1 Ne5 33. Rb3 Rac8
34. Be2 Ng4 35. Bxg4 Rxg4 36. Ng3 Bf6 37. Ba3 Rc7 38. Rf3 Nc4 39. d6 exd6 40.
Rxf6 Nxa3 1/2-1/2

[Event "Mistrzostwa Malopolski A"]
[Site "Krakow, Hotel Europejski"]
[Date "2013.??.??"]
[Round "5.5"]
[White "Betkowski, Andrzej"]
[Black "Jakubiec, Edyta"]
[Result "0-1"]
[WhiteElo "2088"]
[BlackElo "2237"]
[PlyCount "68"]
[EventDate "2013.??.??"]

1. d4 e6 2. Nf3 c5 3. e3 Nf6 4. Bd3 b6 5. Nbd2 Bb7 6. O-O Be7 7. c3 d6 8. e4
Qc7 9. Qe2 Nbd7 10. Re1 cxd4 11. cxd4 O-O 12. Nf1 e5 13. Bd2 Rac8 14. Ng3 g6
15. Rac1 Qb8 16. Bc3 exd4 17. Nxd4 Nc5 18. Bc2 d5 19. Ndf5 gxf5 20. Nxf5 Bd8
21. Qh5 Qf4 22. Qh3 Ncxe4 23. Bxe4 dxe4 24. Re3 Rc5 25. Nh6+ Kh8 26. Rd1 Bc8
27. Nxf7+ Kg7 28. Bxf6+ Bxf6 29. Rg3+ Kxf7 30. Qxh7+ Ke6 31. Re3 Be5 32. Rxe4
Rc1 33. Qg6+ Ke7 34. Qh7+ Rf7 0-1

[Event "Mistrzostwa Malopolski A"]
[Site "Krakow, Hotel Europejski"]
[Date "2013.??.??"]
[Round "5.7"]
[White "Kyc, Jerzy"]
[Black "Mucha, Roman"]
[Result "0-1"]
[WhiteElo "1880"]
[BlackElo "2177"]
[PlyCount "112"]
[EventDate "2013.??.??"]

1. e4 c5 2. Nf3 a6 3. c4 Nc6 4. d4 cxd4 5. Nxd4 Nf6 6. Nc3 e5 7. Nc2 Bc5 8. Be2
d6 9. O-O O-O 10. Bg5 h6 11. Bxf6 Qxf6 12. Nd5 Qd8 13. b4 Ba7 14. Rb1 Be6 15.
Nce3 Nd4 16. Bd3 Rc8 17. Qh5 Nc6 18. Kh1 Bxe3 19. Nxe3 Ne7 20. a3 a5 21. g3
axb4 22. axb4 Qd7 23. Rfd1 Nc6 24. Rb2 Nd4 25. f4 f6 26. Rdb1 f5 27. fxe5 dxe5
28. c5 b5 29. exf5 Bd5+ 30. Kg1 Bf3 31. Qh4 Qb7 32. Rf2 Ra8 33. Nc2 Nxf5 34.
Bxf5 Rxf5 35. Qh3 Raf8 36. Ne3 Qe4 37. Rb3 R5f6 38. Qh4 Qxh4 39. gxh4 Rf4 40.
Ng2 R4f6 41. Ra3 Be4 42. Rxf6 gxf6 43. Ra6 Kf7 44. Rb6 Rg8 45. Kf2 Rxg2+ 46.
Ke3 Bd5 47. Rd6 Be6 48. Rb6 f5 49. Rxb5 f4+ 50. Ke4 Re2+ 51. Kd3 f3 52. Rb7+
Kf6 53. c6 e4+ 54. Kd4 f2 55. c7 f1=Q 56. c8=Q Bxc8 0-1

[Event "Mistrzostwa Malopolski A"]
[Site "Krakow, Hotel Europejski"]
[Date "2013.??.??"]
[Round "5.8"]
[White "Bus, Konrad"]
[Black "Kumor, Lukasz"]
[Result "1/2-1/2"]
[WhiteElo "2077"]
[BlackElo "2120"]
[PlyCount "43"]
[EventDate "2013.??.??"]

1. d4 d5 2. Nf3 c6 3. c4 Nf6 4. Nbd2 e6 5. g3 Bd6 6. Bg2 Nbd7 7. O-O O-O 8. Qc2
e5 9. dxe5 Nxe5 10. Nxe5 Bxe5 11. Nf3 Bc7 12. Rd1 Qe7 13. b3 Bg4 14. Bg5 dxc4
15. Qxc4 Be6 16. Qh4 Rfd8 17. Nd4 Be5 18. Nxe6 Qxe6 19. Rab1 h6 20. Bxf6 Bxf6
21. Qe4 Qxe4 22. Bxe4 1/2-1/2

[Event "Mistrzostwa Malopolski A"]
[Site "Krakow, Hotel Europejski"]
[Date "2013.??.??"]
[Round "5.9"]
[White "Molenda, Marcin"]
[Black "Gawronski, Lukasz"]
[Result "1-0"]
[WhiteElo "1823"]
[BlackElo "2063"]
[PlyCount "43"]
[EventDate "2013.??.??"]

1. e4 c5 2. Nf3 Nc6 3. d4 cxd4 4. Nxd4 Nf6 5. Nc3 e5 6. Ndb5 d6 7. a4 a6 8. Na3
Bg4 9. f3 Be6 10. Bc4 Nb4 11. Bg5 Rc8 12. Qe2 Bxc4 13. Nxc4 Rxc4 14. Qxc4 Nxc2+
15. Ke2 Nxa1 16. Nd5 Be7 17. Bxf6 Bxf6 18. Rxa1 O-O 19. Rc1 Bg5 20. Rc2 Bh6 21.
Qc7 Qh4 22. Qxd6 1-0

[Event "Mistrzostwa Malopolski A"]
[Site "Krakow, Hotel Europejski"]
[Date "2013.??.??"]
[Round "5.11"]
[White "Gbyl, Andrzej"]
[Black "Ociepka, Tomasz"]
[Result "1-0"]
[WhiteElo "2225"]
[BlackElo "1812"]
[PlyCount "103"]
[EventDate "2013.??.??"]

1. d4 Nf6 2. c4 e6 3. Nc3 Bb4 4. e3 O-O 5. Nge2 d5 6. a3 Be7 7. Nf4 c6 8. Bd3
dxc4 9. Bxc4 b5 10. Ba2 Nbd7 11. Nd3 Qc7 12. O-O e5 13. h3 exd4 14. exd4 Nb6
15. Qf3 a5 16. Bf4 Bd6 17. Be5 Bxe5 18. dxe5 Nfd7 19. Rfe1 Ba6 20. e6 fxe6 21.
Rxe6 Kh8 22. Qe3 b4 23. Ne4 bxa3 24. bxa3 Bc4 25. Bxc4 Nxc4 26. Qd4 Ndb6 27.
Ndc5 Rad8 28. Qc3 Rd5 29. Re1 Re5 30. Qg3 Nd5 31. Na6 Qc8 32. Rxe5 Nxe5 33.
Nac5 Nf7 34. Rb1 Kg8 35. Rb7 Qf5 36. Nd6 Qf6 37. Nxf7 Rxf7 38. Rb8+ Rf8 39. Nd7
Qa1+ 40. Kh2 Rxb8 41. Qxb8+ Kf7 42. Qd6 h6 43. Ne5+ Kg8 44. Nxc6 Nc3 45. Qe6+
Kh8 46. Ne7 Qa2 47. Qc8+ Kh7 48. Qxc3 Qxf2 49. Qd3+ Kh8 50. Qd8+ Qf8 51. Qxf8+
Kh7 52. Qg8# 1-0

[Event "Mistrzostwa Malopolski A"]
[Site "Krakow, Hotel Europejski"]
[Date "2013.??.??"]
[Round "5.13"]
[White "Klementys, Jerzy"]
[Black "Knapik, Lucjan"]
[Result "0-1"]
[WhiteElo "1800"]
[BlackElo "1889"]
[PlyCount "59"]
[EventDate "2013.??.??"]

1. d4 d5 2. c4 e6 3. Nc3 c6 4. Nf3 Nf6 5. Bg5 Be7 6. e3 O-O 7. Rc1 Ne4 8. Bxe7
Qxe7 9. Nxe4 dxe4 10. Nd2 f5 11. h4 Nd7 12. g4 e5 13. d5 Nc5 14. dxc6 bxc6 15.
gxf5 Bxf5 16. b4 Nd3+ 17. Bxd3 exd3 18. e4 Bg6 19. h5 Qf6 20. f3 Bf7 21. h6
gxh6 22. Rc3 Rad8 23. Ra3 Rd7 24. Qb1 Qd6 25. Qb2 Rb8 26. Ra5 Rdb7 27. a3 c5
28. Rg1+ Bg6 29. bxc5 Qxc5 30. Qc3 0-1

[Event "Mistrzostwa Malopolski A"]
[Site "Krakow, Hotel Europejski"]
[Date "2013.??.??"]
[Round "5.14"]
[White "Kasperek, Krzysztof"]
[Black "Foglia, Maurizio"]
[Result "0-1"]
[WhiteElo "1810"]
[BlackElo "2144"]
[PlyCount "100"]
[EventDate "2013.??.??"]

1. c4 Nf6 2. Nc3 c5 3. Nf3 Nc6 4. g3 g6 5. Bg2 Bg7 6. O-O O-O 7. d4 cxd4 8.
Nxd4 Nxd4 9. Qxd4 d6 10. Rb1 Bf5 11. Ra1 Ne4 12. Qe3 Nxc3 13. bxc3 Qc7 14. Bb2
Rfe8 15. Rfd1 Qxc4 16. Bxb7 Rab8 17. Bd5 Qc7 18. Rd2 Rxb2 19. Rxb2 Qxc3 20.
Qxc3 Bxc3 21. Rab1 Bxb1 22. Rxb1 e6 23. Bc6 Rc8 24. Ba4 Rc7 25. Rc1 d5 26. e3
e5 27. Kf1 Kg7 28. Ke2 d4 29. Rb1 f5 30. f3 dxe3 31. Kxe3 Bd4+ 32. Ke2 Rc3 33.
Bd1 Bb6 34. Rb3 Rc1 35. Rd3 Bd4 36. Rb3 Kf6 37. Rb7 h5 38. h4 g5 39. hxg5+ Kxg5
40. Rg7+ Kf6 41. Rg8 Ra1 42. Bb3 Rg1 43. Rh8 Rg2+ 44. Ke1 Rxg3 45. f4 exf4 46.
Rxh5 f3 47. Bc4 Rg1+ 48. Kd2 f2 49. Rh6+ Ke5 50. Re6+ Kf4 0-1

[Event "Mistrzostwa Malopolski A"]
[Site "Krakow, Hotel Europejski"]
[Date "2013.??.??"]
[Round "5.15"]
[White "Blasiak, Miroslaw"]
[Black "Knapik, Andrzej"]
[Result "0-1"]
[WhiteElo "1879"]
[BlackElo "1930"]
[PlyCount "82"]
[EventDate "2013.??.??"]

1. e4 c5 2. Nf3 d6 3. d4 cxd4 4. Nxd4 Nf6 5. Nc3 a6 6. Bg5 e6 7. f4 h6 8. Bh4
Be7 9. Qf3 Nbd7 10. O-O-O Qc7 11. Bd3 g5 12. fxg5 Ne5 13. Qe2 Nfg4 14. Nf3 Nxf3
15. gxf3 hxg5 16. Bg3 Ne5 17. f4 gxf4 18. Bxf4 Qa5 19. Kb1 Bd7 20. Rhf1 Rc8 21.
Bd2 Qc5 22. Be3 Qc7 23. Bd4 b5 24. a3 Qb7 25. Rg1 Rb8 26. Ka1 a5 27. Na2 b4 28.
axb4 axb4 29. Nc1 Ra8+ 30. Kb1 Rf8 31. Nb3 Nxd3 32. Qxd3 Bb5 33. Qe3 e5 34. Bb6
Ra6 35. Ba5 Bc4 36. Nd2 Be6 37. Nb3 Bxb3 38. Qxb3 Rxa5 39. Rdf1 Qa6 40. Kc1
Ra1+ 41. Kd2 Rxf1 0-1

[Event "Mistrzostwa Malopolski A"]
[Site "Krakow, Hotel Europejski"]
[Date "2013.??.??"]
[Round "6.1"]
[White "Barski, Radoslaw"]
[Black "Tyukhanov, Alexey"]
[Result "1-0"]
[WhiteElo "2238"]
[BlackElo "2237"]
[PlyCount "107"]
[EventDate "2013.??.??"]

1. e4 c6 2. d4 d5 3. e5 c5 4. dxc5 Nc6 5. Nf3 Bg4 6. Bf4 e6 7. Bd3 Bxc5 8. O-O
Nge7 9. Bg3 Ng6 10. Bxg6 hxg6 11. Nbd2 Rh5 12. h3 Bxf3 13. Nxf3 Qb6 14. Rb1 Rc8
15. c3 Qb5 16. b3 Bb6 17. Qd2 Rf5 18. Rfd1 Rd8 19. a4 Qa5 20. Qd3 d4 21. c4 Nb4
22. Qe4 Na2 23. Qxb7 Nc3 24. Qc6+ Rd7 25. b4 Qxa4 26. Qxa4 Nxa4 27. c5 Bc7 28.
Rxd4 Nc3 29. Rxd7 Kxd7 30. Ra1 Nb5 31. Kf1 Kc6 32. Ke2 Rh5 33. Kd3 Rh8 34. Kc4
a5 35. bxa5 Ra8 36. a6 Bb8 37. Ng5 Ba7 38. Ra5 Nc7 39. Nxf7 Rb8 40. Ng5 Rb1 41.
Ne4 Rc1+ 42. Kd3 Re1 43. Ra2 Kd5 44. f3 Rd1+ 45. Ke2 Rg1 46. Rd2+ Kc6 47. Rd6+
Kb5 48. Kf2 Rc1 49. Rd7 Kc6 50. Rxg7 Rc2+ 51. Kg1 Bxc5+ 52. Nxc5 Rxc5 53. a7
Ra5 54. Bf2 1-0

[Event "Mistrzostwa Malopolski A"]
[Site "Krakow, Hotel Europejski"]
[Date "2013.??.??"]
[Round "6.2"]
[White "Jakubiec, Edyta"]
[Black "Jakubiec, Artur"]
[Result "0-1"]
[WhiteElo "2237"]
[BlackElo "2531"]
[PlyCount "138"]
[EventDate "2013.??.??"]

1. d4 Nf6 2. c4 e5 3. dxe5 Ng4 4. Nf3 Nc6 5. Bf4 Bc5 6. e3 f6 7. exf6 Qxf6 8.
Qc2 d6 9. Nc3 Bf5 10. Qd2 Nb4 11. Rc1 Ne5 12. Bxe5 dxe5 13. e4 Bg4 14. Be2 Bxf3
15. Bxf3 c6 16. O-O O-O 17. Rcd1 Na6 18. a3 Nc7 19. Bg4 Rad8 20. Qe2 Qg5 21.
Kh1 Bd4 22. Rd3 Bxc3 23. Rxc3 Rd2 24. Qe3 Qxe3 25. Rxe3 Rfxf2 26. Rxf2 Rxf2 27.
h3 Rd2 28. b4 Rd8 29. Kg1 Ne8 30. Kf2 Kf7 31. h4 Ke7 32. c5 Nf6 33. Bf3 Rd4 34.
g4 Ne8 35. g5 Rd2+ 36. Be2 Nc7 37. Ke1 Rd4 38. Kf2 Ne6 39. Kf3 Nf4 40. Bf1 Rd2
41. Be2 Ne6 42. Kg4 Nd4 43. Bc4 Rg2+ 44. Kh3 Rf2 45. Bg8 h6 46. Kg3 Rf8 47. Bc4
hxg5 48. hxg5 Rf4 49. Ba2 Rf1 50. Bg8 Kf8 51. Bc4 Rc1 52. Ba2 a5 53. Kg4 g6 54.
Rh3 Rg1+ 55. Kh4 Re1 56. Kg3 Re3+ 57. Kg4 Rxe4+ 58. Kg3 Kg7 59. bxa5 Nf5+ 60.
Kf3 Ra4 61. Kf2 Rxa5 62. Rc3 e4 63. Be6 Rb5 64. Ke1 Nd4 65. Bg4 e3 66. Rc1 b6
67. cxb6 Rxb6 68. Rd1 c5 69. Rc1 Rb2 0-1

[Event "Mistrzostwa Malopolski A"]
[Site "Krakow, Hotel Europejski"]
[Date "2013.??.??"]
[Round "6.3"]
[White "Tokarski, Lukasz"]
[Black "Gora, Jan"]
[Result "1-0"]
[WhiteElo "2270"]
[BlackElo "1958"]
[PlyCount "44"]
[EventDate "2013.??.??"]

1. e4 c5 2. Nf3 Nc6 3. d4 cxd4 4. Nxd4 g6 5. c4 Nf6 6. Nc3 d6 7. Be2 Nxd4 8.
Qxd4 Bg7 9. Bg5 O-O 10. Qd2 Be6 11. O-O Qa5 12. Rac1 Rfc8 13. b3 a6 14. f4 b5
15. f5 b4 16. fxe6 bxc3 17. exf7+ Kh8 18. Qe3 Nxe4 19. Bxe7 Qe5 20. f8=Q+ Bxf8
21. Bxf8 Rxf8 22. Bd3 Nd2 1-0

[Event "Mistrzostwa Malopolski A"]
[Site "Krakow, Hotel Europejski"]
[Date "2013.??.??"]
[Round "6.4"]
[White "Mucha, Roman"]
[Black "Szuper, Paul"]
[Result "0-1"]
[WhiteElo "2177"]
[BlackElo "2188"]
[PlyCount "76"]
[EventDate "2013.??.??"]

1. d4 e6 2. e4 b6 3. Nf3 Bb7 4. Bd3 d6 5. O-O Nd7 6. c4 Ne7 7. Nc3 Ng6 8. Be3
Be7 9. d5 e5 10. Qd2 Nf6 11. h3 Nh5 12. Ne2 Bc8 13. b4 O-O 14. g4 Nhf4 15. Nxf4
exf4 16. Bxf4 Nxf4 17. Qxf4 Bf6 18. Rac1 c5 19. b5 Re8 20. Kg2 a5 21. Rfe1 g6
22. Rc2 Qe7 23. a3 Bd7 24. Qc1 Qf8 25. Rce2 Qg7 26. g5 Bc3 27. Rd1 Qh8 28. e5
Bxe5 29. Nxe5 Rxe5 30. Rxe5 Qxe5 31. f4 Qg7 32. Re1 Qd4 33. Bb1 Re8 34. Rxe8+
Bxe8 35. f5 Bd7 36. fxg6 hxg6 37. Qe1 Qb2+ 38. Kf1 Qd4 0-1

[Event "Mistrzostwa Malopolski A"]
[Site "Krakow, Hotel Europejski"]
[Date "2013.??.??"]
[Round "6.5"]
[White "Mikrut, Dariusz"]
[Black "Chmiel, Marcin"]
[Result "1-0"]
[WhiteElo "2361"]
[BlackElo "1956"]
[PlyCount "129"]
[EventDate "2013.??.??"]

1. d4 d5 2. c4 dxc4 3. e3 Nf6 4. Bxc4 e6 5. Nf3 c5 6. O-O a6 7. a4 Nc6 8. Qd3
cxd4 9. Rd1 Be7 10. exd4 O-O 11. Nc3 Nd5 12. Qe4 Nf6 13. Qe2 Nd5 14. Bd3 Ncb4
15. Bb1 b6 16. Ne5 Bb7 17. Ra3 Rc8 18. Ne4 f5 19. Rg3 Rxc1 20. Rxc1 Nf4 21. Qe1
fxe4 22. Bxe4 Bxe4 23. Qxe4 Qxd4 24. Qxd4 Ne2+ 25. Kf1 Nxd4 26. Nd7 Nf5 27. Rf3
Rd8 28. Nxb6 Bg5 29. Rc8 h5 30. Rfc3 Kh7 31. Rxd8 Bxd8 32. Nd7 Nd6 33. Nf8+ Kg8
34. Nxe6 Bf6 35. Re3 Nc4 36. Rh3 Nxb2 37. Nc5 Bd4 38. Nb3 Bf6 39. Rxh5 Nxa4 40.
Ra5 Nb2 41. Nc5 Bd8 42. Ra1 Bb6 43. Nxa6 N4d3 44. f3 Nc4 45. g3 Nde5 46. Ke2
Nc6 47. f4 Nd4+ 48. Kd3 Nb2+ 49. Ke4 Nb3 50. Ra2 Nd2+ 51. Kf5 Bd4 52. Nb4 Kh7
53. Nc6 g6+ 54. Ke6 Bg7 55. Ne5 Nbc4 56. Nxc4 Nxc4 57. g4 Ne3 58. h3 Nd1 59.
Kf7 Nc3 60. Ra6 g5 61. fxg5 Ne4 62. h4 Kh8 63. g6 Ng5+ 64. hxg5 Bf8 65. Ra3 1-0

[Event "Mistrzostwa Malopolski A"]
[Site "Krakow, Hotel Europejski"]
[Date "2013.??.??"]
[Round "6.6"]
[White "Kumor, Lukasz"]
[Black "Watorek, Marcin"]
[Result "1/2-1/2"]
[WhiteElo "2120"]
[BlackElo "2109"]
[PlyCount "20"]
[EventDate "2013.??.??"]

1. e4 c5 2. Nf3 d6 3. d4 cxd4 4. Nxd4 Nf6 5. Nc3 Nc6 6. Be3 e6 7. Bd3 Be7 8.
O-O O-O 9. Nb3 a6 10. f4 Nd4 1/2-1/2

[Event "Mistrzostwa Malopolski A"]
[Site "Krakow, Hotel Europejski"]
[Date "2013.??.??"]
[Round "6.7"]
[White "Shilov, Sergej"]
[Black "Molenda, Marcin"]
[Result "1/2-1/2"]
[WhiteElo "2217"]
[BlackElo "1823"]
[PlyCount "110"]
[EventDate "2013.??.??"]

1. e4 e5 2. Nc3 Nc6 3. Bc4 Nf6 4. d3 Na5 5. Nf3 d6 6. a3 Nxc4 7. dxc4 Be7 8. h3
O-O 9. Be3 Be6 10. Qe2 Nd7 11. g4 c6 12. O-O-O Nb6 13. c5 Nc4 14. cxd6 Bxd6 15.
Bc5 Qe7 16. Rxd6 Nxd6 17. Rd1 Rad8 18. Qd3 Qf6 19. g5 Qf4+ 20. Kb1 Nxe4 21.
Qxd8 Nxc5 22. Qe7 Qxf3 23. Qxc5 Qxh3 24. Qe7 Bd5 25. Qxb7 Qh5 26. Qe7 e4 27. b3
Qf3 28. Qc5 Re8 29. Re1 a6 30. Kb2 Qf5 31. Rg1 Qe5 32. Rg3 Qf4 33. a4 Qd2 34.
Nb1 Qe1 35. Qd4 Qa5 36. Nc3 Rd8 37. Qe5 Qb6 38. Re3 Qb8 39. Qxb8 Rxb8 40. Nxe4
h5 41. Nc5 a5 42. Rh3 g6 43. Rh4 f6 44. f4 Rb4 45. c3 fxg5 46. cxb4 gxh4 47.
bxa5 h3 48. a6 h2 49. a7 h1=Q 50. a8=Q+ Kh7 51. Qf8 Qe1 52. Nd7 Qd2+ 53. Ka3
Qc1+ 54. Kb4 Qd2+ 55. Ka3 Qc1+ 1/2-1/2

[Event "Mistrzostwa Malopolski A"]
[Site "Krakow, Hotel Europejski"]
[Date "2013.??.??"]
[Round "6.8"]
[White "Kondopoulos, Dimitrios"]
[Black "Gbyl, Andrzej"]
[Result "1/2-1/2"]
[WhiteElo "2031"]
[BlackElo "2225"]
[PlyCount "84"]
[EventDate "2013.??.??"]

1. e4 e6 2. d4 d5 3. Nc3 Nf6 4. e5 Nfd7 5. f4 c5 6. Be3 Nc6 7. Nf3 a6 8. Qd2 b5
9. dxc5 Bxc5 10. Bxc5 Nxc5 11. Nd4 Nxd4 12. Qxd4 Qb6 13. a4 bxa4 14. Nxa4 Nxa4
15. Rxa4 Qxd4 16. Rxd4 Bd7 17. Kf2 Ke7 18. Bd3 a5 19. Ra1 a4 20. Rb4 Rab8 21.
Rxb8 Rxb8 22. Ra2 h6 23. c3 f5 24. exf6+ gxf6 25. Bc2 e5 26. f5 Rg8 27. g3 Rg4
28. b3 axb3 29. Bxb3 Bxf5 30. Bxd5 Be6 31. Ra7+ Kd6 32. Bf3 Rc4 33. Ra6+ Ke7
34. Ra7+ Kd8 35. Ra8+ Rc8 36. Ra7 Rc7 37. Ra8+ Rc8 38. Rxc8+ Kxc8 39. g4 Kd7
40. Ke3 f5 41. gxf5 Bxf5 42. Bd5 Be6 1/2-1/2

[Event "Mistrzostwa Malopolski A"]
[Site "Krakow, Hotel Europejski"]
[Date "2013.??.??"]
[Round "6.10"]
[White "Knapik, Lucjan"]
[Black "Bus, Konrad"]
[Result "0-1"]
[WhiteElo "1889"]
[BlackElo "2077"]
[PlyCount "60"]
[EventDate "2013.??.??"]

1. d4 d5 2. c4 c6 3. Nf3 Nf6 4. e3 g6 5. Nc3 Bg7 6. Ne5 O-O 7. Bd3 Nbd7 8. f4
c5 9. Qb3 cxd4 10. exd4 dxc4 11. Bxc4 e6 12. Be3 Nb6 13. Rd1 Nxc4 14. Qxc4 Bd7
15. Qb3 Bc6 16. Nxc6 bxc6 17. Qa4 Rb8 18. b3 Ng4 19. Bf2 c5 20. Ne2 Nxf2 21.
Kxf2 cxd4 22. Nxd4 Qd6 23. Ne2 Qc5+ 24. Kf3 Rb4 25. Qd7 e5 26. fxe5 Qxe5 27. g3
Re8 28. Rhe1 Re4 29. Rd2 Qh5+ 30. g4 Qh3+ 0-1

[Event "Mistrzostwa Malopolski A"]
[Site "Krakow, Hotel Europejski"]
[Date "2013.??.??"]
[Round "6.11"]
[White "Lis, Mateusz"]
[Black "Foglia, Maurizio"]
[Result "0-1"]
[WhiteElo "1687"]
[BlackElo "2144"]
[PlyCount "90"]
[EventDate "2013.??.??"]

1. e4 c5 2. Nf3 e6 3. d4 cxd4 4. Nxd4 a6 5. Bd3 Bc5 6. Nb3 Be7 7. O-O d6 8. Be3
Nd7 9. f4 g6 10. Qf3 h5 11. Bd4 Rh7 12. f5 e5 13. fxg6 fxg6 14. Qg3 Rg7 15. Be3
Nf8 16. Bc4 Bg4 17. Qf2 Be6 18. Bxe6 Nxe6 19. Nc3 Nf6 20. h3 Qd7 21. Bb6 Nf4
22. Be3 g5 23. Rad1 Rc8 24. Bxf4 gxf4 25. Rd3 Kf7 26. Qe2 Rcg8 27. Rf2 Rg3 28.
Rxg3 Rxg3 29. Kh2 Rg5 30. Nd2 Qe6 31. Nf3 Rg6 32. Nh4 Ng4+ 33. hxg4 Bxh4 34.
gxh5 Bg3+ 35. Kh1 Rh6 36. Rf1 Qg6 37. Qc4+ Kf6 38. Nd5+ Kg5 39. Nxf4 Bxf4 40.
g4 Qe8 41. Qc7 Rxh5+ 42. Kg2 Rh2+ 43. Kf3 Rh3+ 44. Kg2 Rg3+ 45. Kf2 Qf8 0-1